|
|
|
|
| LEADER |
01551nmm a2200397 a 4500 |
| 001 |
001084794 |
| 003 |
CZ BrMZK |
| 005 |
20100407092514.0 |
| 006 |
m^^^^^^^^d^^^^^^^^ |
| 007 |
co cgu mnna| |
| 008 |
100201s2009 xr e d cze |
| 020 |
|
|
|a 978-80-7414-111-9
|q (CDR)
|
| 040 |
|
|
|a BOA001
|b cze
|
| 072 |
|
7 |
|a 811.162.3
|x Čeština
|2 Konspekt
|9 11
|
| 072 |
|
7 |
|a 37.016
|x Učební osnovy. Vyučovací předměty. Učebnice
|2 Konspekt
|9 22
|
| 080 |
|
|
|a 811.162.3
|2 MRF
|
| 080 |
|
|
|a 81'24
|2 MRF
|
| 080 |
|
|
|a (075)
|2 MRF
|
| 080 |
|
|
|a (0.034.44)
|2 MRF
|
| 100 |
1 |
|
|a Šindelářová, Jaromíra,
|d 1961-
|7 mzk2006331574
|4 aut
|
| 245 |
1 |
0 |
|a Čeština pro cizince II
|h [elektronický zdroj] :
|b učební texty a testové úlohy k e-learningovému kurzu pro studenty pedagogických a filozofických fakult /
|c Jaromíra Šindelářová
|
| 250 |
|
|
|a Vyd. 1.
|
| 256 |
|
|
|a Data (1,69 MB)
|
| 260 |
|
|
|a Ústí nad Labem :
|b Univerzita J.E. Purkyně v Ústí nad Labem,
|c 2009
|
| 300 |
|
|
|a 1 CD-ROM :
|b barev. ;
|c 12 cm
|
| 500 |
|
|
|a Název z tit. obrazovky
|
| 538 |
|
|
|a Požadavky na systém: dokument ve formátu pdf
|
| 650 |
0 |
7 |
|a čeština
|7 ph135292
|2 czenas
|
| 650 |
0 |
7 |
|a jazyková výuka
|7 ph162894
|2 czenas
|
| 653 |
0 |
|
|a čeština jako cizí jazyk
|
| 655 |
|
7 |
|a učebnice pro cizince
|7 fd338606
|2 czenas
|
| 655 |
|
7 |
|a CD-ROM
|7 fd133955
|2 czenas
|
| 910 |
2 |
|
|a BOA001
|b CDR-1237.176
|
| 990 |
|
|
|a CF
|
| 991 |
|
|
|b 201004
|
| 996 |
3 |
|
|b 2610410654
|c CDR-1237.176
|l Stud. periodik/2.patro
|r Sklad / do 1 hodiny
|n 4
|p p.v.
|w 001107704
|u 000010
|a 1
|e BOA001
|j MZK50
|s N
|